ALCA y OMC : (Registro nro. 25150)
[ vista simple ]
| 000 -CABECERA | |
|---|---|
| campo de control de longitud fija | 00932nam a2200217 a 4500 |
| 001 - NÚMERO DE CONTROL | |
| campo de control | 000025658 |
| 005 - FECHA Y HORA DE LA ÚLTIMA TRANSACCIÓN | |
| campo de control | 20200930023941.0 |
| 008 - DATOS DE LONGITUD FIJA--INFORMACIÓN GENERAL | |
| campo de control de longitud fija | 110218s2003 mx r 000 0 spa d |
| 020 ## - NÚMERO INTERNACIONAL ESTÁNDAR DEL LIBRO | |
| Número Internacional Estándar del Libro | 9703210112 |
| 040 ## - FUENTE DE LA CATALOGACIÓN | |
| Centro catalogador/agencia de origen | DO-SdBNP |
| Lengua de catalogación | spa |
| Centro/agencia transcriptor | BNPHUH |
| 082 ## - NÚMERO DE LA CLASIFICACIÓN DECIMAL DEWEY | |
| Número de clasificación | NNN |
| Número de documento/Ítem | R457a |
| 049 ## - FONDOS LOCALES (OCLC) | |
| Fondos de biblioteca | BNGR |
| 100 1# - ENTRADA PRINCIPAL--NOMBRE DE PERSONA | |
| Nombre de persona | Reyes, Giovanni E. |
| 9 (RLIN) | 52395 |
| 245 10 - MENCIÓN DE TÍTULO | |
| Título | ALCA y OMC : |
| Resto del título | América Latina frente al proteccionismo : el libre comercio en los tiempos del ántrax / |
| Mención de responsabilidad, etc. | Giovanni E. Reyes y María Cristina Rosas ; prólogo por Otto Boye Soto. |
| 260 ## - PUBLICACIÓN, DISTRIBUCIÓN, ETC. | |
| Lugar de publicación, distribución, etc. | México, D.F. : |
| Nombre del editor, distribuidor, etc. | Universidad Nacional Autónoma de México ; Secretaría Permanente del Sistema Económico Latinoamericano ; SELA, |
| Fecha de publicación, distribución, etc. | 2003. |
| 300 ## - DESCRIPCIÓN FÍSICA | |
| Extensión | 208, [1] p. ; |
| Dimensiones | 23 cm. |
| 500 ## - NOTA GENERAL | |
| Nota general | Incluye datos biográficos de los autores en solapa y en la cubierta |
| 504 ## - NOTA DE BIBLIOGRAFÍA, ETC. | |
| Nota de bibliografía, etc. | Incluye bibliografías (p. [185]-208) |
| 700 1# - PUNTO DE ACCESO ADICIONAL--NOMBRE DE PERSONA | |
| Nombre de persona | Cristina Rosas, María |
| 9 (RLIN) | 52396 |
| 700 1# - PUNTO DE ACCESO ADICIONAL--NOMBRE DE PERSONA | |
| Nombre de persona | Boye Soto, Otto |
| Término indicativo de función/relación | pról. |
| 9 (RLIN) | 52397 |
| Estado de retiro | Estado de pérdida | Restricciones de uso | No para préstamo | Código de colección | Localización permanente | Ubicación/localización actual | Ubicación en estantería | Fecha de adquisición | Número de inventario | Total de préstamos | Signatura topográfica completa | Código de barras | Fecha visto por última vez | Precio válido a partir de | Tipo de ítem Koha |
|---|---|---|---|---|---|---|---|---|---|---|---|---|---|---|---|
| Monografías: Libros y Folletos | General | General | En catalogación | 18.02.2011 | LF1 | NNN R457a | 25658-10 | 25.06.2020 | 25.06.2020 | Préstamo en sala |
